Biblia y Corán : lo que los une, lo que los separa
Salvato in:
| Autore principale: | |
|---|---|
| Natura: | Libro |
| Lingua: | spagnolo |
| Pubblicazione: |
Barcelona.
Herder.
c2005.
|
| Soggetti: | |
| Tags: |
Aggiungi Tag
Nessun Tag, puoi essere il primo ad aggiungerne!!
|
MARC
| LEADER | 00000nam a22000005a 4500 | ||
|---|---|---|---|
| 001 | 20973 | ||
| 003 | CL-ChBUA | ||
| 005 | 20170913170602.0 | ||
| 007 | ta | ||
| 008 | 070301s2005 sp 000 0dspa | ||
| 020 | |a 8425423880 | ||
| 040 | |a CL-ChBUA |c CL-ChBUA |e rda | ||
| 082 | 0 | 0 | |a 297 |
| 100 | 1 | |a Gnilka, Joachim. | |
| 245 | 1 | 0 | |a Biblia y Corán : |b lo que los une, lo que los separa |
| 260 | |b Herder. |a Barcelona. |c c2005. | ||
| 300 | |a 286 p. |c 20 cm. | ||
| 504 | |a Bibl., índice. | ||
| 610 | 4 | |2 BIBLIA | |
| 650 | 4 | |a CORÁN. | |
| 942 | |c LIB |2 ddc | ||
| 945 | |0 nac | ||
| 952 | |0 0 |1 0 |2 ddc |4 0 |6 297_G_672000000000000__PASIVA |7 0 |9 28461 |a UNACH |b UNACH |c 200 |d 2007-03-05 |i 39.773. |l 7 |m 6 |o 297 / G 672. (PASIVA) |p 29460 |r 2019-06-04 00:00:00 |s 2019-06-03 |w 2012-08-08 |y LIB | ||
| 999 | |c 20973 |d 20973 | ||